di Personal Name

Records bibliografici associati: 1

001 - CONTROL NUMBER

  • control field: 4024

003 - CONTROL NUMBER IDENTIFIER

  • control field: IT-RoPau

005 - DATE AND TIME OF LATEST TRANSACTION

  • control field: 20131127145045.0

008 - FIXED-LENGTH DATA ELEMENTS

  • fixed length control field: 131127|| aca||aabn | a|a d

040 ## - CATALOGING SOURCE

  • Original cataloging agency: IT-RoPau
  • Transcribing agency: IT-RoPau

100 ## - HEADING--PERSONAL NAME

  • Personal name:
  • Miscellaneous information: Codice autore musica SPICS: 10989

670 ## - SOURCE DATA FOUND

  • Source citation: Work cat.: (IT-RoPau)101753: Lolli Claudio 4022, Un uomo in crisi. Canzoni di morte, canzoni di vita (Lp 3C 054 17873)
CREDITS: SOCIETA' SAN PAOLO Via A.Severo, 58 - ROMA (RM) & PERIODICI SAN PAOLO SRL Via Giotto, 36 MILANO & CISF Via Giotto, 36 MILANO & EDIZIONI SAN PAOLO SRL,  Piazza Soncino, 5 CINISELLO BALSAMO (MI) -- ITALY